| 000 | 00428nam a22001697a 4500 | ||
|---|---|---|---|
| 003 | CEME | ||
| 005 | 20210628210003.0 | ||
| 008 | 210209b xxu||||| |||| 00| 0 eng d | ||
| 040 | _c. | ||
| 082 | _a621.381537 FLO | ||
| 100 |
_aThomas, Floyd _977744 |
||
| 245 | _aElectric circuit fundamentals | ||
| 260 |
_aPRENTICE HALL _cNEW JERSEY |
||
| 300 | _a1995 | ||
| 650 |
_aELECTRIC CIRCUIT FUNDAMENTALS _977745 |
||
| 942 |
_cBK _2ddc |
||
| 999 |
_c582960 _d582960 |
||